Guide to the Companies Act and Regulations / (Record no. 3247)

MARC details
000 -LEADER
fixed length control field 00526nam a22001817a 4500
005 - DATE AND TIME OF INPUT
control field 20241120103737.0
008 - DATA ELEMENTS--GENERAL INFORMATION
fixed length control field 241120b |||||||| |||| 00| 0 eng d
020 ## - INTERNATIONAL STANDARD BOOK NUMBER
International Standard Book Number 9780702104664
041 ## - LANGUAGE CODE
Language code of text English
082 ## - SHELF NUMBER
DDC number 346.6 SVH
100 ## - MAIN AUTHOR
Language of a work English
245 ## - TITLE STATEMENT
Title Guide to the Companies Act and Regulations /
Statement of responsibility, etc. T Schoeman
250 ## - EDITION STATEMENT
Edition statement First Edition
260 ## - PUBLICATION, DISTRIBUTION, ETC.
Place of publication, distribution, etc. Cape Town:
Name of publisher, distributor, etc. Juta and Company Ltd,
Date of publication, distribution, etc. 1973
300 ## - PHYSICAL DESCRIPTION
Other physical details 130 pages;
Dimensions 26 cm.
650 ## - SUBJECT`
Broad subject Legal practice
Own subject terms Law
942 ## - ADDED ENTRY ELEMENTS (KOHA)
Item type Books
942 ## - ADDED ENTRY ELEMENTS (KOHA)
-- ALISON_BN_VRIES
Holdings
Source of classification or shelving scheme Volume number (bound volume or other part) Not for loan Collection code Home library Current library Shelving location Date acquired Full call number Barcode Price effective from Koha item type
Dewey Decimal Classification Volume 1   TEXT BOOKS LAW SOCIETY OF NAMIBIA LIBRARY - WINDHOEK LAW SOCIETY OF NAMIBIA LIBRARY - WINDHOEK Corporate, commercial and company law 11/20/2024 346.6 SCH LSN/1989/3 11/20/2024 Books